[Event "Xtracon Chess Open 2019"]
[Site "Helsingor DEN"]
[Date "2019.07.22"]
[Round "4.176"]
[White "Damm, Henrik"]
[Black "Hinrichs, Kurt"]
[Result "1/2-1/2"]
[WhiteElo "1591"]
[BlackElo "1225"]
[WhiteFideId "1425013"]
[BlackFideId "12994057"]
[EventDate "2019.07.20"]

1. e4 e6 2. d4 d5 3. e5 Ne7 4. Nf3 Nf5 5. Bd3 Be7 6. O-O O-O 7. Nbd2 c5 8. dxc5
Bxc5 9. Nb3 Be7 10. Bxf5 exf5 11. Nbd4 Be6 12. Qe2 Nc6 13. a3 a6 14. Bd2 Qb6 15.
Nxc6 bxc6 16. b4 Rac8 17. Rab1 c5 18. bxc5 Qxc5 19. Bb4 Qc7 20. Bxe7 Qxe7 21.
Qd3 Rc6 22. Nd4 Rc7 23. Rb6 Rfc8 24. Rfb1 Rc3 25. Qe2 Rxa3 26. Rb8 h6 27. R8b6
a5 28. h3 a4 29. Qb5 Qc5 30. Qb2 Qc3 31. Qxc3 Raxc3 32. Ra1 R3c4 33. Nxe6 fxe6
34. Rxe6 Kf7 35. Rd6 d4 36. Ra6 Rxc2 37. R6xa4 Rc1+ 38. Rxc1 Rxc1+ 39. Kh2 d3
40. Rd4 Rc3 41. f4 Ke6 42. Rd6+ Ke7 43. Kg1 Rc1+ 44. Kf2 Rc2+ 45. Kf3 d2 46. Ke3
d1=Q 47. Rxd1 Rxg2 48. Kf3 Rg6 49. Rd2 1/2-1/2

[Event "Xtracon Chess Open 2019"]
[Site "Helsingor DEN"]
[Date "2019.07.22"]
[Round "4.177"]
[White "Tummasarson, Flovin M."]
[Black "Johansen, Paul Ivar"]
[Result "1-0"]
[WhiteElo "1561"]
[BlackElo "1205"]
[WhiteFideId "7202431"]
[BlackFideId "1508024"]
[EventDate "2019.07.20"]

1. e4 c5 2. Nf3 Nc6 3. c3 e5 4. d4 cxd4 5. cxd4 exd4 6. Nxd4 a6 7. Nc3 Bc5 8.
Be3 Qb6 9. Nd5 Qd8 10. Nxc6 bxc6 11. Bxc5 cxd5 12. Qxd5 Rb8 13. Qe5+ Ne7 14.
Qxb8 O-O 15. Qb6 Qe8 16. Qd6 Ng6 17. Qd3 Nf4 18. Qe3 Qe5 19. Bxf8 Kxf8 20. Rc1
Bb7 21. Qc5+ d6 1-0

[Event "Xtracon Chess Open 2019"]
[Site "Helsingor DEN"]
[Date "2019.07.22"]
[Round "4.178"]
[White "Starup, Leo"]
[Black "Mansoor, Areeb"]
[Result "1-0"]
[WhiteElo "1556"]
[BlackElo "1183"]
[WhiteFideId "1422669"]
[BlackFideId "1535870"]
[EventDate "2019.07.20"]

1. e4 e5 2. Nf3 Nc6 3. Bb5 a6 4. Ba4 Nf6 5. d3 b5 6. Bb3 Bc5 7. Bg5 d6 8. h3 h6
9. Bh4 Be6 10. c3 O-O 11. O-O Ne7 12. Nbd2 Ng6 13. Bg3 Bxb3 14. axb3 Re8 15. Re1
Nf4 16. Nf1 N4h5 17. Bh2 Nf4 18. Ne3 Bxe3 19. Rxe3 Ng6 20. Qc2 c6 21. Rae1 c5
22. d4 cxd4 23. cxd4 exd4 24. Nxd4 Rc8 25. Rc3 Rxc3 26. bxc3 d5 27. f3 dxe4 28.
fxe4 Qa8 29. e5 Nh4 30. Qf2 g5 31. g3 Ne4 32. Qe3 Nxc3 33. gxh4 Nd5 34. Qg3 Qa7
35. Qf2 gxh4 36. Qg2+ Kf8 37. Qxd5 Re6 38. Kf1 Rg6 39. Qd8+ Kg7 40. Nf5+ Kh7 41.
Nxh4 Rg5 42. Qd3+ Kg7 43. Nf5+ Kh8 44. e6 Qa8 45. Be5+ Kg8 46. Nxh6+ Kf8 47.
Qd6+ Ke8 48. Qd7+ Kf8 49. Qxf7# 1-0

[Event "Xtracon Chess Open 2019"]
[Site "Helsingor DEN"]
[Date "2019.07.22"]
[Round "4.179"]
[White "Olsen, Lars Peter Levin"]
[Black "Zheng, Jerry Z"]
[Result "0-1"]
[WhiteElo "1187"]
[BlackElo "1553"]
[WhiteFideId "1454102"]
[BlackFideId "460990"]
[EventDate "2019.07.20"]

1. d4 Nf6 2. Bf4 e6 3. e3 d5 4. c3 c5 5. b3 Bd6 6. Bg3 O-O 7. Bh4 Nbd7 8. Bb5
Qc7 9. f4 cxd4 10. Qxd4 Qc5 11. Qd3 Ng4 12. Bf2 Nxf2 13. Kxf2 Nf6 14. b4 Qb6 15.
g3 a6 16. Ba4 Qa7 17. Bc2 b5 18. Ne2 g6 19. Nd2 e5 20. Bb3 Bf5 21. Qxf5 gxf5 22.
h3 Rac8 23. a3 Rfe8 24. Rag1 Kh8 25. Bc2 exf4 26. Nf1 fxe3+ 27. Ke1 Be5 28. Kd1
Ne4 29. Bxe4 fxe4 30. Kc2 d4 31. Kb3 d3 32. Nd4 Bxd4 33. Nxe3 Bxe3 34. Re1 d2
35. Rd1 Qc7 0-1

[Event "Xtracon Chess Open 2019"]
[Site "Helsingor DEN"]
[Date "2019.07.22"]
[Round "4.180"]
[White "Joensen, Sigurd"]
[Black "Huse, Lars Paul"]
[Result "1-0"]
[WhiteElo "1532"]
[BlackElo "1124"]
[WhiteFideId "7200935"]
[BlackFideId "1526537"]
[EventDate "2019.07.20"]

1. e4 e5 2. Nf3 Nc6 3. Bb5 Nf6 4. d3 a6 5. Ba4 h6 6. Bxc6 bxc6 7. Nxe5 Bd6 8.
Nf3 O-O 9. O-O Be7 10. h3 d6 11. c4 Be6 12. Nc3 d5 13. e5 Ne8 14. cxd5 cxd5 15.
d4 c6 16. a3 Nc7 17. b4 f6 18. Bf4 g5 19. exf6 Bxf6 20. Be5 Ne8 21. Qd3 Qe7 22.
Qg6+ Qg7 23. Qxg7+ Kxg7 24. Bxf6+ Nxf6 25. Ne5 Rac8 26. g4 Nd7 27. Nxd7 Bxd7 28.
Rae1 Rf7 29. Na4 Rcf8 30. Re3 c5 31. Nxc5 Bb5 32. Ne6+ Kg8 33. Nxf8 Bxf1 34.
Kxf1 Rxf8 35. Re6 Rf3 36. Rxa6 Rxh3 37. b5 Rd3 38. b6 Rb3 39. a4 Kf8 40. a5 Ke8
41. Ra7 Kd8 42. Rc7 Ra3 43. Rc5 Ra4 44. b7 1-0

[Event "Xtracon Chess Open 2019"]
[Site "Helsingor DEN"]
[Date "2019.07.23"]
[Round "5.9"]
[White "Jepson, Christian"]
[Black "Andersen, Mads"]
[Result "1/2-1/2"]
[WhiteTitle "IM"]
[BlackTitle "GM"]
[WhiteElo "2391"]
[BlackElo "2605"]
[WhiteFideId "1701185"]
[BlackFideId "1413864"]
[EventDate "2019.07.20"]

1. Nf3 Nf6 2. c4 g6 3. Nc3 Bg7 4. e4 d6 5. d4 O-O 6. Be2 e5 7. d5 a5 8. Bg5 h6
9. Be3 Ng4 10. Bd2 f5 11. h3 Nf6 12. exf5 gxf5 13. g3 c6 14. Be3 cxd5 15. cxd5
Na6 16. Nh4 Nc5 17. g4 Nfe4 18. Nxe4 fxe4 19. Nf5 Bxf5 20. gxf5 b6 21. Qd2 Qh4
22. O-O-O Rxf5 23. Rhg1 Kh7 24. Rg4 Qf6 25. Rdg1 Ra7 26. Kb1 Rf7 27. h4 Rf4 28.
h5 Bf8 29. Qc2 Rg7 30. Rg6 Rxg6 31. Rxg6 Qf7 32. Qd1 Rf6 33. Rg4 Rf5 34. Rg6 Rf6
35. Rg4 Rf5 36. Rg6 Rf6 1/2-1/2

[Event "Xtracon Chess Open 2019"]
[Site "Helsingor DEN"]
[Date "2019.07.23"]
[Round "5.12"]
[White "Schmidt, Kristen"]
[Black "Salomon, Johan"]
[Result "1/2-1/2"]
[BlackTitle "GM"]
[WhiteElo "2225"]
[BlackElo "2514"]
[WhiteFideId "1400436"]
[BlackFideId "1509500"]
[EventDate "2019.07.20"]

1. e4 c5 2. Nf3 d6 3. Bb5+ Nd7 4. c4 Nf6 5. Nc3 g6 6. d4 cxd4 7. Nxd4 Bg7 8. O-O
O-O 9. Bxd7 Bxd7 10. b3 a6 11. a4 Bc6 12. f3 Qa5 13. Nce2 Nd7 14. Bd2 Qc7 15. a5
e5 16. Nxc6 bxc6 17. b4 f5 18. Qb3 Kh8 19. Qd3 Rab8 20. Rab1 fxe4 21. fxe4 Nf6
22. h3 Qd7 23. Be3 Qe6 24. Nc3 Ra8 25. Bb6 Rfc8 26. Rfd1 Nh5 27. Ne2 Bf8 28.
Rbc1 Nf6 29. Nc3 Nh5 30. Ne2 Nf6 31. Nc3 1/2-1/2

[Event "Xtracon Chess Open 2019"]
[Site "Helsingor DEN"]
[Date "2019.07.23"]
[Round "5.13"]
[White "Pantzar, Milton"]
[Black "Bjerre, Jonas Buhl"]
[Result "1/2-1/2"]
[WhiteTitle "FM"]
[BlackTitle "IM"]
[WhiteElo "2357"]
[BlackElo "2503"]
[WhiteFideId "1721003"]
[BlackFideId "1444948"]
[EventDate "2019.07.20"]

1. d4 Nf6 2. c4 e6 3. Nc3 Bb4 4. e3 O-O 5. Bd3 c5 6. Ne2 d5 7. cxd5 cxd4 8. exd4
Qxd5 9. O-O Qh5 10. Qc2 Nc6 11. Nf4 Qa5 12. Be3 Rd8 13. Rad1 Bxc3 14. bxc3 b6
15. Qb2 Ba6 16. c4 Qb4 17. Qe2 Na5 18. d5 exd5 19. Nxd5 Nxd5 20. cxd5 Bxd3 21.
Rxd3 Rac8 22. Rfd1 Qb5 23. Qg4 Qd7 24. Qg3 f6 25. h4 Nc4 26. Bd4 Qd6 27. Qg4 Qd7
28. Qg3 Qd6 29. Qg4 Qd7 1/2-1/2

[Event "Xtracon Chess Open 2019"]
[Site "Helsingor DEN"]
[Date "2019.07.23"]
[Round "5.36"]
[White "Gallagher, Daniel GH"]
[Black "Jacobsen, Mikkel Manosri"]
[Result "1/2-1/2"]
[BlackTitle "FM"]
[WhiteElo "2153"]
[BlackElo "2343"]
[WhiteFideId "436550"]
[BlackFideId "1444514"]
[EventDate "2019.07.20"]

1. e4 c6 2. d4 d5 3. e5 Bf5 4. h4 h5 5. Bd3 Bxd3 6. Qxd3 Qa5+ 7. Bd2 Qa6 8. Qxa6
Nxa6 9. e6 f6 10. Nh3 O-O-O 11. Nc3 Nc7 12. Nf4 g5 13. hxg5 fxg5 14. Rxh5 Rxh5
15. Nxh5 Nxe6 16. Ne2 Bh6 17. g4 Rf8 18. Be3 Nf4 19. Bxf4 gxf4 20. f3 e6 21. Kf2
Bg5 22. Rd1 Kd7 23. Nc1 Kd6 24. Nd3 Ne7 25. Rd2 Ng6 26. Re2 Rf7 27. c3 Bd8 28.
b4 b6 29. a4 a5 30. bxa5 bxa5 31. Rb2 e5 32. dxe5+ Nxe5 33. Nhxf4 Rxf4 34. Nxf4
Bg5 35. Nh3 Nd3+ 36. Ke2 Nxb2 37. Nxg5 Nxa4 38. Kd2 Nc5 39. Kc2 Ke5 40. Nf7+ Ke6
41. Nd8+ Kd7 42. Nf7 Ke6 43. Nd8+ Kd7 44. Nf7 Ke6 45. Nd8+ 1/2-1/2

[Event "Xtracon Chess Open 2019"]
[Site "Helsingor DEN"]
[Date "2019.07.23"]
[Round "5.43"]
[White "Stray, Gunnar"]
[Black "Buchenau, Frank"]
[Result "0-1"]
[BlackTitle "FM"]
[WhiteElo "1996"]
[BlackElo "2294"]
[WhiteFideId "1501631"]
[BlackFideId "4604350"]
[EventDate "2019.07.20"]

1. d4 e6 2. Nf3 Nf6 3. e3 b6 4. Bd3 Bb7 5. Nbd2 c5 6. O-O Nc6 7. b3 g6 8. a3 Bg7
9. Bb2 O-O 10. Qe2 Qc7 11. Rab1 cxd4 12. Nxd4 Nxd4 13. exd4 Nd5 14. g3 Nc3 15.
Bxc3 Qxc3 16. Be4 d5 17. Bd3 Bxd4 18. Nf3 Bg7 19. Ne1 e5 20. Ba6 Bxa6 21. Qxa6
e4 22. Rd1 d4 23. Qe2 Rfe8 24. f3 f5 25. Qd2 Qxd2 26. Rxd2 Rac8 27. Re2 Bf8 28.
fxe4 Rxe4 29. Rd2 Bxa3 30. Nd3 Bf8 31. Ra1 Bh6 32. Rg2 a5 33. Kf1 Kf7 34. b4 Ra8
35. Ra4 Be3 36. Ke2 Ree8 37. Kf3 b5 38. Rxa5 Rxa5 39. bxa5 Ra8 40. c3 Rxa5 41.
cxd4 Bxd4 42. Rc2 Ke6 43. Nf4+ Kd6 44. Rd2 Ra3+ 45. Kg2 Ke5 46. Ne2 Ra4 47. Nf4
b4 48. Nd3+ Ke4 49. Nc1 Be3 50. Re2 Ra1 51. Nb3 Rg1+ 52. Kh3 g5 53. Rb2 f4 54.
g4 Rd1 0-1

[Event "Xtracon Chess Open 2019"]
[Site "Helsingor DEN"]
[Date "2019.07.23"]
[Round "5.52"]
[White "Larsen, Ulrik"]
[Black "Matthiesen, Martin"]
[Result "0-1"]
[BlackTitle "FM"]
[WhiteElo "2039"]
[BlackElo "2239"]
[WhiteFideId "1441167"]
[BlackFideId "1404067"]
[EventDate "2019.07.20"]

1. e4 c6 2. d4 d5 3. exd5 cxd5 4. c4 Nf6 5. Nc3 Nc6 6. Bg5 dxc4 7. Bxc4 h6 8.
Be3 e6 9. Nf3 Bd6 10. Qe2 O-O 11. Rd1 a6 12. O-O b5 13. Bb3 Na5 14. Bc2 Bb7 15.
Ne5 Rc8 16. f4 Nc4 17. Nxc4 Rxc4 18. Bb3 Rc7 19. d5 exd5 20. Bb6 Bc5+ 21. Bxc5
Rxc5 22. Rd4 Qb6 23. Kh1 Rc7 24. Rfd1 Re8 25. Qf3 Qxd4 0-1

[Event "Xtracon Chess Open 2019"]
[Site "Helsingor DEN"]
[Date "2019.07.23"]
[Round "5.57"]
[White "Colbow, Collin"]
[Black "Mansoor, Afras"]
[Result "1-0"]
[WhiteElo "2167"]
[BlackElo "1991"]
[WhiteFideId "16201132"]
[BlackFideId "1522108"]
[EventDate "2019.07.20"]

1. e4 e5 2. Nf3 Nc6 3. Bb5 a6 4. Ba4 Nf6 5. O-O Be7 6. d3 b5 7. Bb3 d6 8. a4 Bd7
9. Be3 O-O 10. h3 Na5 11. Ba2 c5 12. axb5 axb5 13. Nc3 Qc7 14. Nh2 b4 15. Nd5
Nxd5 16. Bxd5 Bc6 17. Bxc6 Nxc6 18. Qg4 Rxa1 19. Rxa1 Qc8 20. Nf3 Nd4 21. Bxd4
cxd4 22. Qxc8 Rxc8 23. Ne1 Bg5 24. Kf1 Bd2 25. Ke2 Bxe1 26. Kxe1 f5 27. Kd2 fxe4
28. dxe4 Rb8 29. Ra6 b3 30. Rxd6 bxc2 31. Kxc2 Kf7 32. Rd7+ Kf6 33. b3 Rb4 34.
f3 h6 35. Rd6+ Kf7 36. g3 Rb7 37. f4 Rc7+ 38. Kb2 Rc3 39. fxe5 Rxg3 40. Rxd4 Ke6
41. h4 Rh3 42. b4 Kxe5 43. Rc4 Rxh4 44. b5 Rf4 45. Kc3 g5 46. Rc5+ Kd6 47. Rc6+
Kd7 48. Kd4 h5 49. Rg6 g4 50. Kd5 Rf2 51. Rg7+ Kc8 52. e5 Rb2 53. e6 g3 54. Rg8+
Kc7 55. e7 1-0

[Event "Xtracon Chess Open 2019"]
[Site "Helsingor DEN"]
[Date "2019.07.23"]
[Round "5.72"]
[White "Bredeli, Kent-Ove I"]
[Black "Rendlev, Niels Moller"]
[Result "1-0"]
[WhiteElo "1515"]
[BlackElo "1721"]
[WhiteFideId "1522124"]
[BlackFideId "1409042"]
[EventDate "2019.07.20"]

1. d4 d5 2. Nf3 c6 3. Bf4 f5 4. e3 Nf6 5. c4 e6 6. Nbd2 Be7 7. Bd3 O-O 8. Ne5
Nbd7 9. O-O a5 10. Ndf3 Ne4 11. Nxd7 Bxd7 12. Ne5 Be8 13. h3 g5 14. Bh2 Nf6 15.
Be2 h5 16. g4 h4 17. Bd3 Ne4 18. f3 Nd6 19. c5 Nc8 20. Qc2 f4 21. exf4 gxf4 22.
Bh7+ Kg7 23. Ng6 Rf6 24. Nxf4 Rh6 25. Rae1 Qd7 26. Bd3 Bg5 27. Qe2 Bf7 28. Qe5+
Bf6 29. Qe3 Ne7 30. Ng2 1-0

[Event "Xtracon Chess Open 2019"]
[Site "Helsingor DEN"]
[Date "2019.07.23"]
[Round "5.77"]
[White "Sorensen, Bernhard W."]
[Black "Hansen, Aksel"]
[Result "1-0"]
[WhiteElo "1567"]
[BlackElo "1790"]
[WhiteFideId "1442074"]
[BlackFideId "1412213"]
[EventDate "2019.07.20"]

1. d4 d5 2. Bf4 Nf6 3. e3 g6 4. Nd2 Bg7 5. Be2 O-O 6. Ngf3 c5 7. c3 cxd4 8. exd4
Nc6 9. O-O Bg4 10. Re1 Qd7 11. Bb5 Rfe8 12. Qc2 Rac8 13. Ne5 Qf5 14. Qxf5 Bxf5
15. h3 a6 16. Bf1 b5 17. Ndf3 Nxe5 18. Bxe5 h6 19. Re3 Bd7 20. Rae1 e6 21. a3
Rc6 22. Bd3 Rec8 23. Bh2 Rb6 24. Ne5 Bf8 25. Rf3 Kg7 26. Rxf6 1-0

[Event "Xtracon Chess Open 2019"]
[Site "Helsingor DEN"]
[Date "2019.07.23"]
[Round "5.81"]
[White "Kittilsen, Sigurd"]
[Black "Karlsson, Jorgen"]
[Result "0-1"]
[WhiteElo "1894"]
[BlackElo "2114"]
[WhiteFideId "1515624"]
[BlackFideId "1711679"]
[EventDate "2019.07.20"]

1. e4 g6 2. d4 Bg7 3. Nf3 d6 4. Bc4 e6 5. Bb3 Ne7 6. O-O O-O 7. Re1 Nd7 8. Nbd2
b5 9. c3 c5 10. Nf1 a5 11. a3 Bb7 12. Ng3 c4 13. Bc2 Qb6 14. Bg5 f6 15. Be3 d5
16. e5 f5 17. Qd2 Nc6 18. Bh6 Qd8 19. Bxg7 Kxg7 20. Qg5 Qxg5 21. Nxg5 Rfe8 22.
h4 h6 23. Nh3 Nb6 24. f4 Bc8 25. Nf1 Bd7 26. Reb1 Reb8 27. Nd2 b4 28. Bd1 Na7
29. Rc1 bxc3 30. bxc3 Ba4 31. Bf3 Bc6 32. Bd1 Na4 33. Bxa4 Bxa4 34. Ra2 Rb6 35.
Rb1 Rab8 36. Raa1 Bc2 37. Rxb6 Rxb6 38. Ra2 Ba4 39. Kf2 Bb3 40. Rb2 Nc8 41. Ng1
Ba4 42. Ra2 Rb5 43. Ke1 Nb6 44. Ne2 Rb3 45. Ra1 Rb2 46. Rb1 Rxb1+ 47. Nxb1 Bc2
48. Nd2 Na4 49. Nf1 Bd3 50. Nfg3 Nb6 51. Kd2 Na8 52. Nc1 Bb1 53. Nf1 Nc7 54. Ne3
Kf7 55. Nd1 Nb5 56. a4 Na3 57. Ne2 Bd3 58. g3 Nb1+ 59. Ke1 Bc2 60. Nb2 Be4 61.
Kd1 Bf3 62. Kc1 Bxe2 63. Kxb1 g5 64. hxg5 hxg5 65. fxg5 Kg6 66. Kc1 Kxg5 67. Kd2
Bf3 68. Ke3 Kg4 69. Kf2 f4 70. gxf4 Kxf4 71. Ke1 Ke3 72. Kf1 Be2+ 73. Ke1 Bg4
74. Nxc4+ dxc4 75. d5 exd5 76. e6 Bxe6 77. Kd1 Kd3 78. Kc1 Kxc3 79. Kb1 d4 80.
Kc1 d3 81. Kb1 d2 82. Ka1 d1=Q+ 83. Ka2 Qb3+ 84. Ka1 Qb2# 0-1

[Event "Xtracon Chess Open 2019"]
[Site "Helsingor DEN"]
[Date "2019.07.23"]
[Round "5.82"]
[White "Thuesen, Mogens"]
[Black "Undheim, Bjarne"]
[Result "1-0"]
[WhiteElo "2111"]
[BlackElo "1892"]
[WhiteFideId "1400878"]
[BlackFideId "1506862"]
[EventDate "2019.07.20"]

1. e4 d5 2. exd5 Nf6 3. d4 Bg4 4. f3 Bf5 5. g4 Bc8 6. c4 c6 7. Nc3 e6 8. g5 Nh5
9. dxe6 Bxe6 10. d5 Bf5 11. f4 g6 12. Be2 Qe7 13. Nf3 Qd6 14. Ne5 Bg7 15. O-O
Nxf4 16. Bxf4 Bxe5 17. Bxe5 Qxe5 18. Qd2 O-O 19. Rae1 Qd6 20. Bd3 Bxd3 21. Qxd3
Nd7 22. Ne4 Qc7 23. dxc6 Qxc6 24. Qxd7 Qxd7 25. Rf6 1-0

[Event "Xtracon Chess Open 2019"]
[Site "Helsingor DEN"]
[Date "2019.07.23"]
[Round "5.83"]
[White "Nord, Alexander"]
[Black "Molvig, Henrik"]
[Result "1/2-1/2"]
[BlackTitle "CM"]
[WhiteElo "1893"]
[BlackElo "2099"]
[WhiteFideId "1738135"]
[BlackFideId "1402625"]
[EventDate "2019.07.20"]

1. d4 Nf6 2. Nf3 d5 3. g3 c5 4. Bg2 Nc6 5. O-O e6 6. b3 cxd4 7. Nxd4 Bc5 8. Bb2
O-O 9. c4 Qb6 10. e3 Nxd4 11. exd4 Be7 12. c5 Qc7 13. Nc3 Bd7 14. Qd3 a6 15. b4
b6 16. Rfe1 bxc5 17. bxc5 Bc6 18. Bc1 Qa5 19. Bd2 Qa3 20. Bf1 Kh8 21. Rab1 Rfb8
22. Bf4 Rxb1 23. Rxb1 Ne4 24. Nxe4 Qxd3 25. Bxd3 dxe4 26. Bxa6 g5 27. Rb8+ Kg7
28. Rxa8 Bxa8 29. Bc7 Bc6 30. Be5+ f6 31. Bc7 e5 32. dxe5 Bxc5 33. Bd8 e3 34.
Bxf6+ Kg6 35. Bd3+ Kf7 36. fxe3 Bxe3+ 37. Kf1 h6 38. Bc4+ Kg6 39. Bd8 Kf5 40. e6
Kg4 41. e7 Be8 42. Be6+ Kf3 43. Bd5+ Kg4 44. Kg2 Kf5 45. Kf3 Bc5 46. a4 Bxa4 47.
Bf7 Bc6+ 48. Ke2 Kg4 49. e8=Q Bxe8 50. Bxe8 Kh3 51. g4 Kxg4 52. Bd7+ Kf4 53.
Bc7+ Ke4 54. Bg4 Bd4 55. h3 Be5 56. Bd8 Bg7 57. Be7 Kf4 58. Kd3 Kg3 59. Bd6+ Kg2
60. Ke4 Bc3 61. Bf8 h5 62. Bxh5 Kxh3 63. Kf3 Be5 64. Bc5 Kh2 65. Bg4 Bc7 66. Be3
Bf4 67. Bxf4+ gxf4 68. Kxf4 1/2-1/2

[Event "Xtracon Chess Open 2019"]
[Site "Helsingor DEN"]
[Date "2019.07.23"]
[Round "5.84"]
[White "Poulsen, Klaus E."]
[Black "Smeby, Ole"]
[Result "1/2-1/2"]
[WhiteElo "2095"]
[BlackElo "1887"]
[WhiteFideId "1405039"]
[BlackFideId "1503677"]
[EventDate "2019.07.20"]

1. e4 d5 2. exd5 Qxd5 3. Nc3 Qa5 4. d4 Nf6 5. Nf3 Bf5 6. Ne5 c6 7. g4 Be6 8. Be2
Nbd7 9. Nxd7 Bxd7 10. Bf3 e6 11. g5 Nd5 12. Bxd5 cxd5 13. Qd3 Bd6 14. Bd2 Qb6
15. O-O-O O-O-O 16. Qf3 Rdf8 17. a3 Qc7 18. h4 f6 19. Qd3 a6 20. Kb1 Kb8 21.
Rhg1 fxg5 22. Rxg5 g6 23. Be3 Bf4 24. Bxf4 Qxf4 25. Qg3 Qxg3 26. fxg3 Rf5 27.
Rxf5 gxf5 28. Ne2 Kc7 29. Nf4 Rg8 30. Rd3 Kd6 31. Re3 Rg4 32. c3 Rg8 33. Kc1 Rg4
34. Kd2 Rg8 35. Ke1 Rg4 36. Kf2 Rg8 37. Kf3 Rg4 38. Re1 Rg8 39. Nd3 b6 40. Ne5
Be8 41. b3 Rg7 42. c4 Rc7 43. Kf4 Rg7 44. Rc1 dxc4 45. Rxc4 Rc7 46. Rxc7 Kxc7
47. d5 Kd6 48. dxe6 Kxe6 49. Nc4 b5 50. Ne3 Bg6 51. Nc2 h6 52. Nb4 a5 53. Nc6 a4
54. b4 Be8 55. Nd4+ Kd5 56. Nxf5 Bd7 57. Nxh6 Kc4 58. Nf5 Kb3 59. h5 Be8 60. Nd6
Bxh5 61. Nxb5 Be8 62. Nd6 Bd7 63. b5 Kxa3 64. b6 Bc6 65. g4 Kb4 66. Nf5 Kc3 67.
g5 a3 68. g6 a2 69. g7 a1=Q 70. g8=Q Qf1+ 71. Ke5 Qb5+ 72. Kd6 Qxb6 1/2-1/2

[Event "Xtracon Chess Open 2019"]
[Site "Helsingor DEN"]
[Date "2019.07.23"]
[Round "5.85"]
[White "Meyer, Juergen"]
[Black "Dew, Brian"]
[Result "1/2-1/2"]
[BlackTitle "FM"]
[WhiteElo "1889"]
[BlackElo "2094"]
[WhiteFideId "24661759"]
[BlackFideId "6000495"]
[EventDate "2019.07.20"]

1. e4 c5 2. Nf3 d6 3. d4 cxd4 4. Qxd4 Nf6 5. e5 Nc6 6. Bb5 Qa5+ 7. Nc3 Qxb5 8.
Nxb5 Nxd4 9. Nbxd4 dxe5 10. Nxe5 e6 11. O-O Bc5 12. Nb3 Be7 13. Rd1 O-O 14. Bg5
h6 15. Bf4 Nd5 16. Bg3 b5 17. a4 b4 18. Na5 Ba6 19. Nac6 Bc5 20. Nd7 Rfc8 21.
Nxc5 Rxc6 22. Nxa6 Rxa6 23. Kf1 Rc8 24. Rd2 Rac6 25. Rc1 Rc4 26. Ke2 b3 27. Kd1
R8c6 28. a5 a6 29. c3 Ra4 30. Rd3 Rcc4 31. Bd6 Rxa5 32. g3 Kh7 33. Rd4 Rxd4+ 34.
cxd4 Nf6 35. Bc5 Rb5 36. f3 Nd7 37. Ke2 Kg6 38. Kd3 e5 39. Kc4 exd4 40. Bxd4 Nb8
41. Ra1 Rb7 1/2-1/2

[Event "Xtracon Chess Open 2019"]
[Site "Helsingor DEN"]
[Date "2019.07.23"]
[Round "5.86"]
[White "Tolhuizen, Ludo"]
[Black "Rasmussen, Morten Fredsgaard2"]
[Result "1-0"]
[WhiteElo "2090"]
[BlackElo "1882"]
[WhiteFideId "1000802"]
[BlackFideId "1410636"]
[EventDate "2019.07.20"]

1. d4 d5 2. c4 c6 3. Nf3 Nf6 4. e3 e6 5. Nbd2 Nbd7 6. Bd3 a6 7. O-O Qc7 8. e4
dxe4 9. Nxe4 Nxe4 10. Bxe4 Nf6 11. Bc2 Be7 12. Bg5 O-O 13. Qd3 g6 14. Ne5 Nh5
15. Bxe7 Qxe7 16. c5 Rd8 17. Qe3 Ng7 18. Nc4 b5 19. cxb6 Qb4 20. Qc3 a5 21. Rfd1
Ba6 22. Nxa5 Qxb6 23. Nxc6 Rd7 24. Ne5 Rc7 25. Qb3 Qa7 26. Be4 Rb8 27. Qa3 Qb6
28. h3 Qxb2 29. Qxa6 1-0

[Event "Xtracon Chess Open 2019"]
[Site "Helsingor DEN"]
[Date "2019.07.23"]
[Round "5.87"]
[White "Slettebo, Jan"]
[Black "Shehzad, Shazil"]
[Result "1-0"]
[WhiteElo "1888"]
[BlackElo "2088"]
[WhiteFideId "1704958"]
[BlackFideId "1521942"]
[EventDate "2019.07.20"]

1. e4 c5 2. Nf3 d6 3. d4 cxd4 4. Nxd4 Nf6 5. Nc3 a6 6. Qf3 e6 7. g4 Nc6 8. Nxc6
bxc6 9. g5 Nd7 10. Bf4 Be7 11. h4 d5 12. O-O-O Qa5 13. Qg3 d4 14. Bc7 Qc5 15.
Ne2 e5 16. f4 Ra7 17. Bxe5 Nxe5 18. fxe5 Qa5 19. Nxd4 Qxa2 20. Qc3 Bd7 21. Bc4
Qa4 22. Bb3 Qb4 23. Bxf7+ Kxf7 24. e6+ Kg8 25. Qxb4 Bxb4 26. exd7 Rxd7 27. Nxc6
Rxd1+ 28. Rxd1 Bf8 29. Rd7 g6 30. Ne5 1-0

[Event "Xtracon Chess Open 2019"]
[Site "Helsingor DEN"]
[Date "2019.07.23"]
[Round "5.88"]
[White "Ashwin, Hariharan"]
[Black "Skjoldager, Per"]
[Result "1-0"]
[WhiteElo "1881"]
[BlackElo "2081"]
[WhiteFideId "5812666"]
[BlackFideId "1408828"]
[EventDate "2019.07.20"]

1. e4 e6 2. d4 d5 3. e5 c5 4. c3 Nc6 5. Nf3 cxd4 6. cxd4 Nge7 7. Na3 Nf5 8. Nc2
Bd7 9. Bd3 Be7 10. O-O Qb6 11. Rb1 f6 12. g4 Nh6 13. exf6 Bf8 14. Bxh6 gxh6 15.
Ne5 Nxe5 16. dxe5 O-O-O 17. b4 Kb8 18. Kg2 Bc6 19. Be2 d4+ 20. Bf3 d3 21. Ne3
Bxf3+ 22. Qxf3 Qd4 23. Qg3 Bxb4 24. f4 Bc5 25. Qf3 b6 26. Nd1 Rhg8 27. Nf2 Rc8
28. Nxd3 Ba3 29. Rbd1 Rc2+ 30. Rf2 Rgc8 31. h3 R8c3 32. Rxc2 Rxc2+ 33. Kg3 Rxa2
34. Nc1 Rd2 35. Nb3 Qa4 36. Rxd2 Bb4 37. Rd1 Qa2 38. Nd4 h5 39. Nc6+ 1-0

[Event "Xtracon Chess Open 2019"]
[Site "Helsingor DEN"]
[Date "2019.07.23"]
[Round "5.89"]
[White "Skjoldager, Mikael"]
[Black "Markussen, Petter B"]
[Result "1-0"]
[WhiteElo "2076"]
[BlackElo "1873"]
[WhiteFideId "1434314"]
[BlackFideId "1533045"]
[EventDate "2019.07.20"]

1. e4 e6 2. d3 c5 3. Nf3 Nc6 4. g3 g6 5. Bg2 Bg7 6. O-O Nge7 7. Nbd2 O-O 8. Re1
Rb8 9. a4 a6 10. Nf1 b5 11. axb5 axb5 12. e5 d6 13. Bf4 Nd5 14. Bg5 Qc7 15. c4
Nde7 16. d4 cxd4 17. Nxd4 Nxd4 18. Qxd4 dxe5 19. Qa7 Qxa7 20. Rxa7 Nf5 21. c5 h6
22. Bd2 b4 23. c6 Rb6 24. Ne3 Nd4 25. Nc4 Nxc6 26. Rc7 Rd8 1-0

[Event "Xtracon Chess Open 2019"]
[Site "Helsingor DEN"]
[Date "2019.07.23"]
[Round "5.90"]
[White "Bruaset, Eivind"]
[Black "Koch-Muller, Oscar"]
[Result "1-0"]
[WhiteElo "2074"]
[BlackElo "1866"]
[WhiteFideId "1515276"]
[BlackFideId "1447955"]
[EventDate "2019.07.20"]

1. e4 e6 2. d4 d5 3. Nd2 c5 4. exd5 Qxd5 5. Ngf3 cxd4 6. Bc4 Qd6 7. O-O Nf6 8.
Nb3 Nc6 9. Nbxd4 Nxd4 10. Nxd4 Be7 11. c3 O-O 12. Qf3 Qc7 13. Bb3 Bd7 14. Bf4 e5
15. Bg3 Bg4 16. Qd3 Qc5 17. Nf5 Bd8 18. Nd6 Bc7 19. Ne4 Qc6 20. Nxf6+ Qxf6 21.
Qc4 h5 22. Qxc7 h4 23. Bxe5 Qg5 24. f4 Qg6 25. Qxb7 h3 26. Bd1 Bf5 27. Bf3 Rad8
28. Rad1 hxg2 29. Bxg2 Bc2 30. Rxd8 Rxd8 31. Bd4 Re8 32. Qf3 Bd3 33. f5 Qg5 34.
Qxd3 1-0